| 000 | 00670nam a2200241 a 4500 | ||
|---|---|---|---|
| 001 | BRCA_5918 | ||
| 005 | 20190320205249.0 | ||
| 008 | 180311s1907----nyua######---#000-0#eng-# | ||
| 041 | _aeng | ||
| 044 | _anyu | ||
| 050 | 4 |
_aNK7104 _b.D39 1907 |
|
| 100 | 1 |
_aDawson, Nelson _914959 |
|
| 245 | 1 | 0 |
_aGoldsmiths´ and silversmiths´ work _cby Nelson Dawson. |
| 260 |
_aNueva York _bG. P. Putnam´s _c1907 |
||
| 300 |
_axx, 267 p. _bil., 128 láminas _c26 cm. |
||
| 440 | 0 |
_aThe connoisseur`s library _914855 |
|
| 500 | _aIncluye lista de ilustraciones | ||
| 500 | _aG66 | ||
| 650 | 1 | 4 |
_aOrfebrería _97836 |
| 650 | 1 | 4 |
_aPlatería _92745 |
| 902 | _aGFM | ||
| 942 |
_2lcc _cB |
||
| 999 |
_c5607 _d5607 |
||